[Event "It (open)"]
[Site "masterchessopen.com Baunatal (Germany)"]
[Round "4"]
[White "Idessis Dimitri (GER)"]
[Black "Frank Tena (GER)"]
[Result "1-0"]
[WhiteElo "2025"]
[BlackElo "2011"]

1.d4 Nf6 2.c4 g6 3.Nc3 Bg7 4.e4 d6 5.Be2 O-O 6.Nf3 e5 7.O-O Nc6 8.d5 Ne7 9.Ne1
Ne8 10.Nd3 f5 11.f3 Kh8 12.Be3 f4 13.Bf2 h5 14.a4 g5 15.c5 Rg8 16.cxd6 cxd6
17.a5 Bh6 18.Nb5 Ng6 19.Nxa7 Bd7 20.a6 bxa6 21.Rxa6 g4 22.Nc6 Bxc6 23.Rxc6 g3
24.hxg3 fxg3 25.Bxg3 Qg5 26.Bh2 Ne7 27.Rf2 Nxc6 28.f4 Qh4 29.dxc6 exf4 30.Nxf4
Ra5 31.Qd4+ Bg7 32.Ng6+ Kh7 33.Qxg7+ Rxg7 34.Nxh4 Rc7 35.b4 {#r} 1-0

[Event "It (open)"]
[Site "masterchessopen.com Baunatal (Germany)"]
[Round "5"]
[White "Zaerban Jan Christop (GER)"]
[Black "Ramme Christoph (GER)"]
[Result "0-1"]
[WhiteElo "2105"]
[BlackElo "2094"]

1.Nf3 g6 2.c4 Bg7 3.d4 Nf6 4.Nc3 d6 5.e4 O-O 6.Be2 e5 7.O-O Nc6 8.d5 Ne7 9.Ne1
Ne8 10.f3 f5 11.g4 c5 12.Nd3 Kh8 13.b4 cxb4 14.Na4 b6 15.Nxb4 Bd7 16.Nd3 Ng8
17.Be3 Ngf6 18.Nf2 Ng8 19.Nd3 Ngf6 20.Nc3 Qc8 21.Nf2 b5 22.Nxb5 a6 23.Nc3 Rb8
24.h3 Rf7 25.Rb1 Bf8 26.Rxb8 Qxb8 27.Qb3 Qd8 28.Rb1 Bc8 29.Qb8 Nd7 30.Qa8 f4
31.Bd2 h5 32.Kg2 Rh7 33.Rh1 Nb6 {#R} 0-1

[Event "It (open)"]
[Site "masterchessopen.com Biel (Switzerland)"]
[Round "5"]
[White "Vescovi Giovanni (BRA)"]
[Black "Gofshtein Zvulon (ISR)"]
[Result "0-1"]
[WhiteElo "2465"]
[BlackElo "2535"]

1.d4 Nf6 2.c4 g6 3.Nc3 Bg7 4.e4 d6 5.Nf3 O-O 6.Be2 e5 7.O-O Nc6 8.d5 Ne7 9.Ne1
Ne8 10.Nd3 f5 11.f4 exf4 12.Bxf4 Nf6 13.e5 dxe5 14.Bxe5 g5 15.Qb3 Ng6 16.Bd4
f4 17.Rae1 Ne8 18.Bf2 g4 19.Bd1 b6 20.g3 Nd6 21.Nxf4 Nxf4 22.gxf4 Rxf4 23.Nb5
Ne4 24.Be3 Rxf1+ 25.Rxf1 g3 26.Bf4 Bh3 27.Re1 gxh2+ 28.Kh1 Qh4 {#R} 0-1

[Event "It (open)"]
[Site "masterchessopen.com Bratislava (Slovakia)"]
[Round "9"]
[White "Skreno Vladimir (SVK)"]
[Black "Ac Alexander (SVK)"]
[Result "0-1"]
[WhiteElo "2178"]
[BlackElo "2071"]

1.d4 Nf6 2.c4 g6 3.Nc3 Bg7 4.e4 d6 5.Nf3 O-O 6.Be2 e5 7.O-O Nc6 8.d5 Ne7 9.Ne1
Ne8 10.f3 f5 11.g4 fxg4 12.fxg4 Rxf1+ 13.Kxf1 c6 14.Be3 Qd7 15.Nd3 h6 16.Kg2
g5 17.h4 gxh4 18.Qh1 Ng6 19.Rf1 Qe7 20.Rf2 Nf6 21.Qd1 Nh7 22.c5 h3+ 23.Kh2 Qh4
24.dxc6 bxc6 25.Qb3+ d5 26.exd5 Nf6 27.dxc6+ Kh7 28.Nd5 Ne4 29.Qd1 Qg3+ 30.Kh1
Nxf2+ {#R} 0-1

[Event "It (open)"]
[Site "masterchessopen.com Bratto (Italy)"]
[Date "2007.08.28"]
[Round "6"]
[White "Brun Dario (ITA)"]
[Black "Dvirnyy Daniyyl (ITA)"]
[Result "1-0"]
[WhiteElo "2227"]
[BlackElo "2333"]

1.d4 Nf6 2.c4 d6 3.Nc3 g6 4.e4 Bg7 5.Nf3 O-O 6.Be2 e5 7.O-O Nc6 8.d5 Ne7 9.Ne1
h5 10.Nd3 Nd7 11.f4 exf4 12.Bxf4 f5 13.Qd2 fxe4 14.Nxe4 Nf5 15.Rae1 Nf6 16.Ng5
Nd4 17.Bd1 Bf5 18.Nf2 Nh7 19.Nxh7 Kxh7 20.Bg5 Bf6 21.Ne4 Bxe4 22.Rxf6 {#r} 1-0

[Event "It (open)"]
[Site "masterchessopen.com Buenos Aires (Argentina)"]
[Round "8"]
[White "Goldwaser Christian (ARG)"]
[Black "Guerrero Alvaro (URU)"]
[Result "1-0"]
[WhiteElo "2214"]
[BlackElo "2109"]

1.d4 Nf6 2.c4 g6 3.Nc3 Bg7 4.e4 d6 5.Nf3 O-O 6.Be2 e5 7.O-O Nc6 8.d5 Ne7 9.Ne1
Ne8 10.f4 f5 11.fxe5 Bxe5 12.Nd3 Bg7 13.Bf3 Nf6 14.e5 dxe5 15.Nxe5 Ne4 16.Bxe4
Bxe5 17.Bf3 Qd6 18.g3 Qc5+ 19.Kh1 Qxc4 20.Re1 Bxc3 21.bxc3 Qc5 22.d6 Nc6 23.d7
Bxd7 24.Qxd7 Rad8 25.Qe6+ Rf7 26.Be3 Qxc3 27.Bd5 Ne5 28.Bg5 Rxd5 29.Qxd5 Nf3
30.Bh6 {#r} 1-0

[Event "It (open)"]
[Site "masterchessopen.com Burela (Spain)"]
[Round "0"]
[White "Rodriguez Rafael (DOM)"]
[Black "Paramos Dominguez Roberto (ESP)"]
[Result "1-0"]
[WhiteElo "1821"]
[BlackElo "2375"]

1.d4 Nf6 2.c4 g6 3.Nc3 Bg7 4.e4 d6 5.Be2 O-O 6.Nf3 e5 7.O-O Nc6 8.d5 Ne7 9.Ne1
Ne8 10.Be3 f5 11.f3 f4 12.Bf2 h5 13.c5 g5 14.a4 Ng6 15.cxd6 cxd6 16.Nb5 Rf7
17.a5 a6 18.Nc3 Bh6 19.Na4 Rg7 20.Nb6 Rb8 21.Rc1 Bd7 22.Rc3 Nf6 23.Nxd7 Qxd7
24.Qb3 g4 25.Kh1 g3 26.Bb6 Rc8 27.Rxc8+ Qxc8 28.h3 Qd7 29.Nd3 Ne8 30.Rc1 Nh4
31.Qc4 Bg5 32.Qc8 Ng6 {#r} 1-0

[Event "It (open)"]
[Site "masterchessopen.com Cairo (Egypt)"]
[Round "2"]
[White "Hegazy Mohamed (EGY)"]
[Black "Rahman Yehya (EGY)"]
[Result "1-0"]
[WhiteElo "2261"]
[BlackElo "2345"]

1.d4 Nf6 2.c4 g6 3.Nc3 Bg7 4.e4 d6 5.Be2 O-O 6.Nf3 e5 7.O-O Nc6 8.d5 Ne7 9.Ne1
Ne8 10.Nd3 f5 11.f3 f4 12.c5 g5 13.Bd2 Ng6 14.Rc1 Rf7 15.Nb5 h5 16.cxd6 cxd6
17.a4 Bf8 18.a5 Rg7 19.Nf2 Nh4 20.h3 Nf6 21.Be1 a6 22.Na3 g4 23.fxg4 hxg4
24.Bxg4 Nxg4 25.Nxg4 Qg5 26.Nc4 Nxg2 27.Kxg2 Bxg4 28.hxg4 Qh5 29.Rh1 Rxg4+
30.Kf2 Qg6 31.Qxg4 Qxg4 32.Rg1 Qxg1+ 33.Kxg1 Rc8 34.Bb4 Kg7 35.Kf2 {#r} 1-0

[Event "It (open)"]
[Site "masterchessopen.com Calcutta (India)"]
[Round "11"]
[White "Mishra Neeraj-Kumar (IND)"]
[Black "Agarwal Brajesh (IND)"]
[Result "1-0"]
[WhiteElo "2375"]
[BlackElo "2079"]

1.d4 Nf6 2.c4 g6 3.Nc3 Bg7 4.e4 d6 5.Be2 O-O 6.Nf3 Nc6 7.O-O e5 8.d5 Ne7 9.Ne1
Ne8 10.Be3 f5 11.f3 f4 12.Bf2 g5 13.b4 h5 14.c5 Ng6 15.a4 Rf7 16.cxd6 cxd6
17.a5 Bf8 18.Nb5 Nf6 19.Nxa7 g4 20.Bb6 Qe8 21.Nxc8 Rxc8 22.Rc1 Rg7 23.Rxc8
Qxc8 24.Qc2 Qd7 25.b5 Nh4 26.Kh1 Qe8 27.a6 Nd7 28.Bf2 g3 29.Bg1 Nc5 30.h3 b6
31.Nd3 Qc8 32.Bxc5 bxc5 {#r} 1-0

[Event "It (open)"]
[Site "masterchessopen.com Calcutta (India)"]
[Round "0"]
[White "Lahari Atanu (IND)"]
[Black "Bhatia Kanwal (ENG)"]
[Result "1-0"]
[WhiteElo "2190"]
[BlackElo "2087"]

1.d4 Nf6 2.c4 g6 3.Nc3 Bg7 4.e4 d6 5.Nf3 O-O 6.Be2 e5 7.O-O Nc6 8.d5 Ne7 9.Ne1
a5 10.Be3 Nd7 11.Nd3 f5 12.f3 f4 13.Bf2 g5 14.c5 Nf6 15.cxd6 cxd6 16.Rc1 Rf7
17.Na4 Ng6 18.Nb6 Rb8 19.Nxc8 Rxc8 20.Rxc8 Qxc8 21.Bb6 h5 22.Bxa5 g4 23.Qd2 h4
24.Rc1 Qa8 25.Qb4 h3 26.gxh3 g3 27.Qb6 Bf8 28.Qd8 Qa7+ 29.Qb6 Qa8 30.Be1 Nh5
31.Rc7 Rxc7 32.Qxc7 Qa7+ 33.Nf2 Qe3 34.Qc2 gxf2+ {#r} 1-0

[Event "It (open)"]
[Site "masterchessopen.com Calvia (Spain)"]
[Date "2004.11.04"]
[Round "4"]
[White "Pajeken Wolfgang (GER)"]
[Black "Moreno Garcia Alfonso (ESP)"]
[Result "1-0"]
[WhiteElo "2365"]
[BlackElo "2087"]

1.Nf3 Nf6 2.c4 g6 3.Nc3 Bg7 4.e4 d6 5.d4 O-O 6.Be2 e5 7.O-O Nc6 8.d5 Ne7 9.Ne1
Ne8 10.Nd3 f5 11.f4 fxe4 12.Nxe4 Nf5 13.fxe5 dxe5 14.Bg5 Nf6 15.Bf3 c6 16.Kh1
cxd5 17.cxd5 Qb6 18.Nxf6+ Bxf6 19.Bxf6 Qxf6 20.Qe2 Re8 21.Be4 Qg7 22.Nc5 Nd6
23.Bc2 Kh8 24.Rae1 Bf5 25.Bxf5 gxf5 26.Ne6 Rxe6 27.dxe6 e4 28.Rd1 Qe7 29.Qd2
Rd8 30.Rxf5 Qxe6 31.Qd4+ Kg8 32.Rg5+ Kf8 33.Rf1+ {#r} 1-0

[Event "It (open)"]
[Site "masterchessopen.com Candas (Spain)"]
[Round "4"]
[White "Segurado Garcia Manuel (ESP)"]
[Black "Prieto Busto Luis (ESP)"]
[Result "0-1"]
[WhiteElo "1920"]
[BlackElo "2045"]

1.d4 Nf6 2.Nf3 g6 3.c4 Bg7 4.Nc3 O-O 5.e4 d6 6.Be2 Nc6 7.O-O e5 8.d5 Ne7 9.Ne1
Ne8 10.g4 f5 11.f3 Kh8 12.Nd3 Ng8 13.Be3 fxg4 14.fxg4 Rxf1+ 15.Qxf1 Bh6
16.Bxh6 Nxh6 17.Qf8+ Ng8 18.Rf1 Bd7 19.Rf7 c6 20.c5 cxd5 21.Nxd5 Be6 22.Re7
Bxd5 23.Rxe8 Qxe8 24.Qxe8 Rxe8 25.exd5 e4 26.Nf4 dxc5 27.Kf2 a6 28.g5 Ne7
29.a4 Rd8 30.Bc4 b5 31.axb5 axb5 32.Ne6 Ra8 33.d6 bxc4 34.Nc7 Rf8+ 35.Ke3 Nf5+
{#R} 0-1

[Event "It (open)"]
[Site "masterchessopen.com Cannes (France)"]
[Round "0"]
[White "Kiss Pal (HUN)"]
[Black "Moisan Fabrice (FRA)"]
[Result "1-0"]
[WhiteElo "2362"]
[BlackElo "2231"]

1.d4 Nf6 2.c4 g6 3.Nc3 Bg7 4.e4 O-O 5.Be2 d6 6.Nf3 e5 7.O-O Nc6 8.d5 Ne7 9.Ne1
Ne8 10.f3 f5 11.g4 f4 12.h4 Bf6 13.Ng2 Bd7 14.Bd2 Kf7 15.Be1 Ng8 16.Kh2 h5
17.g5 Bxg5 18.hxg5 Qxg5 19.Rh1 Qh6 20.Kg1 g5 21.b4 Ngf6 22.c5 Qg7 23.Kf1 h4
24.Bf2 Nh5 25.Rg1 h3 26.Ne1 Ng3+ 27.Bxg3 fxg3 28.Rxg3 h2 29.Kg2 h1=Q+ 30.Kxh1
Qh6+ 31.Kg1 Qh4 32.Kf2 Nf6 33.Ng2 Qh2 34.Qh1 Qxh1 35.Rxh1 {#r} 1-0

[Event "It (open)"]
[Site "masterchessopen.com Cappelle la Grande (France)"]
[Date "2011.03.04"]
[Round "8"]
[White "Cornette Matthieu (FRA)"]
[Black "Sepp Olav (EST)"]
[Result "1-0"]
[WhiteElo "2566"]
[BlackElo "2485"]

1.d4 Nf6 2.c4 g6 3.Nc3 Bg7 4.e4 d6 5.Nf3 O-O 6.Be2 e5 7.O-O Nc6 8.d5 Ne7 9.Ne1
Ne8 10.Be3 f5 11.f3 f4 12.Bf2 h5 13.c5 g5 14.a4 Rf6 15.cxd6 cxd6 16.a5 Nc7
17.Nd3 Rg6 18.Kh1 g4 19.g3 gxf3 20.Bxf3 fxg3 21.Bxg3 Bg4 22.Bxg4 hxg4 23.Bh4
Qd7 24.Rg1 Re8 25.Qe2 Nb5 26.Nxb5 Qxb5 27.Rxg4 Rxg4 28.Qxg4 Qxd3 29.Bf6 Ng6
30.Bxg7 Re7 31.Bh6 Kh7 32.Rg1 Nf4 33.Qg8+ Kxh6 34.Qg5+ {#r} 1-0

[Event "It (open)"]
[Site "masterchessopen.com Ceske Budejovice (Czech Republic)"]
[Round "0"]
[White "Vacek Radomir (CZE)"]
[Black "Belaska Premysl (CZE)"]
[Result "0-1"]
[WhiteElo "2092"]
[BlackElo "2231"]

1.d4 Nf6 2.c4 g6 3.Nc3 Bg7 4.e4 O-O 5.Be2 d6 6.Nf3 e5 7.O-O Nc6 8.d5 Ne7 9.Ne1
Ne8 10.Nd3 f5 11.f4 Kh8 12.fxe5 dxe5 13.c5 b6 14.Be3 f4 15.Bf2 g5 16.Bg4 Ng6
17.cxb6 axb6 18.Nb5 Nf6 19.Bxc8 Rxc8 20.Na7 Nxe4 21.Nxc8 Qxc8 22.Rc1 Nf6
23.Bxb6 Nxd5 24.Bc5 Re8 25.Nb4 Nf6 26.Bd6 Qb8 27.Bc5 e4 28.b3 Qb7 29.Qc2 e3
30.Nd3 Ne4 31.Ba3 e2 32.Rfe1 Bd4+ 33.Kh1 f3 34.Qc6 Qxc6 35.Rxc6 f2 {#R} 0-1

[Event "It (open)"]
[Site "masterchessopen.com Condom (France)"]
[Round "8"]
[White "Cwiek Loic (FRA)"]
[Black "Casella Laurent (FRA)"]
[Result "0-1"]
[WhiteElo "2042"]
[BlackElo "2039"]

1.d4 Nf6 2.c4 g6 3.Nc3 Bg7 4.Nf3 O-O 5.e4 d6 6.Be2 e5 7.O-O Nc6 8.d5 Ne7 9.Ne1
Ne8 10.Be3 f5 11.f3 f4 12.Bf2 g5 13.Nd3 h5 14.a4 Ng6 15.c5 Rf7 16.cxd6 cxd6
17.a5 Nf6 18.h3 Bd7 19.Nb4 Bf8 20.Nb5 g4 21.hxg4 hxg4 22.fxg4 Nxe4 23.Qc2 Nxf2
24.Rxf2 Qg5 25.a6 b6 26.Nc6 Rh7 27.Ra3 f3 28.Bd3 Qh6 29.Rxf3 Qh1+ 30.Kf2 Rh2
31.Kg3 Rxg2+ 32.Qxg2 Qh4# 0-1

[Event "It (open)"]
[Site "masterchessopen.com Condom (France)"]
[Date "2009.07.13"]
[Round "4"]
[White "Sanchez Nicolas (FRA)"]
[Black "Tasic Branislav (FRA)"]
[Result "1-0"]
[WhiteElo "2205"]
[BlackElo "2087"]

1.d4 Nf6 2.c4 g6 3.Nc3 Bg7 4.e4 d6 5.Nf3 O-O 6.Be2 e5 7.O-O Nc6 8.d5 Ne7 9.Ne1
Ne8 10.Nd3 f5 11.Bd2 Kh8 12.Rc1 c5 13.f4 exf4 14.Bxf4 fxe4 15.Nxe4 Nf5 16.Qd2
h6 17.g4 Nd4 18.Rce1 Kh7 19.Bd1 b5 20.cxb5 Nxb5 21.Bg3 Nf6 22.Nxf6+ Rxf6
23.Nf4 Nd4 24.Qd3 Bd7 25.Rf2 Bb5 26.Qb1 Be8 27.Bh4 Qd7 28.Bxf6 Bxf6 29.Nh5 Bg5
30.Nf6+ Bxf6 31.Rxf6 {#r} 1-0

[Event "It (open)"]
[Site "masterchessopen.com Corfu (Greece)"]
[Date "2007.10.04"]
[Round "4"]
[White "Kostiukova Liubov (UKR)"]
[Black "Pountzas Hrisanthos (GRE)"]
[Result "1-0"]
[WhiteElo "2318"]
[BlackElo "2235"]

1.d4 Nf6 2.Nf3 g6 3.c4 Bg7 4.Nc3 d6 5.e4 O-O 6.Be2 e5 7.O-O Nc6 8.d5 Ne7 9.Ne1
Ne8 10.Be3 f5 11.f3 f4 12.Bf2 g5 13.Rc1 Rf7 14.c5 Kh8 15.Nb5 b6 16.cxd6 cxd6
17.Nd3 a5 18.Qc2 Ng6 19.Qc6 Rb8 20.Bxb6 Qe7 21.Nxd6 Qxd6 22.Qxe8+ Rf8 23.Bc7
{#r} 1-0

[Event "It (open)"]
[Site "masterchessopen.com Creon (France)"]
[Round "8"]
[White "Le Huec Marc (FRA)"]
[Black "Leygue Dominique (FRA)"]
[Result "0-1"]
[WhiteElo "2245"]
[BlackElo "2268"]

1.d4 Nf6 2.Nf3 g6 3.c4 Bg7 4.Nc3 O-O 5.e4 d6 6.Be2 e5 7.O-O Nc6 8.d5 Ne7 9.Ne1
Ne8 10.Nd3 f5 11.f3 f4 12.g4 h5 13.h3 Kf7 14.Bd2 Rh8 15.Kg2 hxg4 16.hxg4 Nxd5
17.Nxd5 Bxg4 18.Rh1 Bh3+ 19.Rxh3 Qg5+ 20.Kf2 Rxh3 21.N3xf4 Rh2+ 22.Ke3 exf4+
23.Kd3 Be5 24.Qb3 Rb8 25.c5 Kg7 26.cxd6 c6 27.d7 cxd5 28.Qxb7 dxe4+ 29.fxe4
Rxb7 30.dxe8=Q Bf6 31.Rc1 Qg3+ {#R} 0-1

[Event "It (open)"]
[Site "masterchessopen.com Decin (Czech Republic)"]
[Round "9"]
[White "Hrbolka Ladislav Jr (CZE)"]
[Black "Shkadiouk Alexandr (RUS)"]
[Result "0-1"]
[WhiteElo "2159"]
[BlackElo "2152"]

1.d4 Nf6 2.c4 g6 3.Nc3 Bg7 4.e4 d6 5.Nf3 O-O 6.Be2 e5 7.O-O Nc6 8.d5 Ne7 9.Ne1
Ne8 10.f3 f5 11.g4 Kh8 12.Ng2 Ng8 13.h4 Bd7 14.exf5 gxf5 15.g5 h6 16.f4 Ne7
17.Bh5 c6 18.Be3 cxd5 19.cxd5 Qa5 20.Qd2 Kh7 21.fxe5 dxe5 22.d6 Nc6 23.gxh6
Bh8 24.Rae1 Rf6 {#R} 0-1

[Event "It (open)"]
[Site "masterchessopen.com Deizisau (Germany)"]
[Round "3"]
[White "Ikonnikov Vyacheslav (RUS)"]
[Black "Kistner Klaus (GER)"]
[Result "1-0"]
[WhiteElo "2550"]
[BlackElo "2160"]

1.d4 Nf6 2.Nf3 g6 3.c4 Bg7 4.Nc3 O-O 5.e4 d6 6.Be2 e5 7.O-O Nc6 8.d5 Ne7 9.Ne1
c5 10.Nd3 Ne8 11.f4 f6 12.Qe1 h6 13.fxe5 fxe5 14.Rxf8+ Bxf8 15.Qh4 Nc6 16.Qg3
Ne7 17.Bd2 Bg7 18.Rf1 Kh7 19.Bg4 Nf6 20.Bxc8 Rxc8 21.Qh4 Neg8 22.Bg5 Qf8
23.Nf2 Nh5 24.Nh3 Ngf6 25.g4 hxg5 26.Nxg5+ Kg8 27.gxh5 gxh5 28.Kh1 Qe7 29.Ne6
Qf7 30.Nb5 Qg6 31.Nxd6 Ng4 32.h3 Bf8 {#r} 1-0

[Event "It (open)"]
[Site "masterchessopen.com Ditzingen (Germany)"]
[Date "2006.05.26"]
[Round "4"]
[White "Budjav Enkhjorgel"]
[Black "Aring Gerd (GER)"]
[Result "1-0"]
[WhiteElo "2119"]
[BlackElo "2236"]

1.d4 Nf6 2.c4 g6 3.Nc3 Bg7 4.e4 d6 5.Nf3 O-O 6.Be2 e5 7.O-O Nc6 8.d5 Ne7 9.Ne1
Ne8 10.f3 f5 11.Be3 c5 12.dxc6 bxc6 13.Qd2 f4 14.Bf2 Be6 15.Rd1 Qc7 16.Rc1 Rb8
17.b4 Nf6 18.b5 c5 19.Nc2 g5 20.Bd3 h5 21.Nd5 Nfxd5 22.cxd5 Bd7 23.a4 a6
24.Na3 axb5 25.Bxb5 Nc8 26.Rb1 Na7 27.Bxd7 Qxd7 28.Qa5 Bf6 29.Qa6 g4 30.Nc4
Be7 31.Bxc5 dxc5 32.Qg6+ Kh8 33.Qxh5+ Kg8 34.Qg6+ Kh8 35.Rxb8 {#r} 1-0

[Event "It (open)"]
[Site "masterchessopen.com Djakovo (Croatia)"]
[Date "2006.05.01"]
[Round "2"]
[White "Doric Darko (CRO)"]
[Black "Martic Zlatko (CRO)"]
[Result "1-0"]
[WhiteElo "2448"]
[BlackElo "2300"]

1.d4 d6 2.Nf3 g6 3.c4 Bg7 4.e4 Nf6 5.Nc3 O-O 6.Be2 e5 7.O-O Nc6 8.d5 Ne7 9.Ne1
h6 10.Be3 g5 11.a4 Ng6 12.c5 Ne8 13.a5 f5 14.f3 f4 15.Bf2 Kh8 16.cxd6 cxd6
17.b4 Rg8 18.Rc1 h5 19.Nb5 a6 20.Bb6 Qf6 21.Nc7 Nxc7 22.Rxc7 g4 23.fxg4 Bh6
24.gxh5 Nh4 25.Bf3 Qg5 26.Kh1 Nxf3 27.Qxf3 Bg4 28.Qf2 Qxh5 29.Nf3 Rg6 30.Rfc1
Rag8 31.Rxb7 Bg5 32.b5 Rh6 33.bxa6 Bxf3 34.gxf3 Bh4 35.Qe2 {#r} 1-0

[Event "It (open)"]
[Site "masterchessopen.com Donau (Austria)"]
[Round "0"]
[White "Steinmacher Josef (GER)"]
[Black "Heim Bernhard (GER)"]
[Result "1-0"]
[WhiteElo "2007"]
[BlackElo "2195"]

1.d4 Nf6 2.c4 g6 3.Nc3 Bg7 4.Nf3 O-O 5.e4 d6 6.Be2 e5 7.O-O Nc6 8.d5 Ne7 9.Ne1
Ne8 10.Nd3 f5 11.f4 c6 12.fxe5 dxe5 13.Be3 Nd6 14.Nf2 cxd5 15.cxd5 fxe4
16.Nfxe4 Nxe4 17.Nxe4 Qxd5 18.Qxd5+ Nxd5 19.Bc4 Be6 20.Rxf8+ Kxf8 21.Bc5+ Ke8
22.Ng5 Bg8 23.Rd1 Ne7 24.Bxg8 Nxg8 25.Ne6 Kf7 26.Nc7 Rc8 27.Rd7+ Kf6 28.Bxa7
Ne7 29.Bc5 Nc6 30.b4 Rd8 31.Be7+ {#r} 1-0

[Event "It (open)"]
[Site "masterchessopen.com Dortmund (Germany)"]
[Round "1"]
[White "Schmidt Wlodzimierz (POL)"]
[Black "Zietlow Thomas (GER)"]
[Result "1-0"]
[WhiteElo "2465"]
[BlackElo "2131"]

1.Nf3 Nf6 2.c4 g6 3.Nc3 Bg7 4.e4 d6 5.d4 O-O 6.Be2 e5 7.O-O Nc6 8.d5 Ne7 9.Ne1
c5 10.Nd3 Ne8 11.Rb1 f5 12.f3 a6 13.b4 b6 14.Qb3 Nf6 15.bxc5 bxc5 16.Qb6 Nd7
17.Qxd8 Rxd8 18.Bd2 Kf7 19.Na4 Ng8 20.g4 Bh6 21.g5 Bf8 22.f4 Bg7 23.exf5 gxf5
24.Bh5+ Ke7 25.Bc3 h6 26.h4 hxg5 27.hxg5 Ngf6 28.gxf6+ Nxf6 29.Bd1 Ne4 30.fxe5
Bxe5 31.Nxe5 Rg8+ 32.Ng4 Bd7 33.Rb7 Ke8 34.Re1 Bc8 35.Rh7 {#r} 1-0

[Event "It (open)"]
[Site "masterchessopen.com Dortmund (Germany)"]
[Date "2012.07.17"]
[Round "4"]
[White "Giraud Valerian (GER)"]
[Black "Strohmann Marcel (GER)"]
[Result "1-0"]
[WhiteElo "2024"]
[BlackElo "1801"]

1.Nf3 Nf6 2.d4 g6 3.c4 Bg7 4.Nc3 O-O 5.e4 d6 6.Be2 e5 7.O-O Nc6 8.d5 Ne7 9.Ne1
Ne8 10.Be3 f5 11.f3 f4 12.Bf2 g5 13.Nd3 h5 14.c5 Nf6 15.cxd6 cxd6 16.Rc1 Bd7
17.Qb3 b6 18.Nb5 Bxb5 19.Qxb5 Rc8 20.Rxc8 Qxc8 21.Rc1 Qb7 22.Nb4 Rc8 23.Nc6
Kf8 24.a4 Nd7 25.Qa6 Qxa6 26.Bxa6 Rc7 27.a5 Nc5 28.axb6 axb6 29.Bb5 Nb3 30.Rc3
Nd4 31.Nxd4 Rxc3 32.Ne6+ {#r} 1-0

[Event "It (open)"]
[Site "masterchessopen.com Dresden (Germany)"]
[Round "7"]
[White "Thielsch Norman (GER)"]
[Black "Slavtschev Slavtscho"]
[Result "1-0"]
[WhiteElo "2323"]
[BlackElo "1612"]

1.c4 Nf6 2.Nf3 g6 3.d4 Bg7 4.Nc3 O-O 5.e4 d6 6.Be2 e5 7.O-O Nc6 8.d5 Ne7 9.Ne1
Ne8 10.Be3 f5 11.f3 Kh8 12.b4 Rg8 13.c5 Nf6 14.Rc1 Nh5 15.cxd6 cxd6 16.Nb5 b6
17.Qc2 Ba6 18.Nxd6 Qxd6 19.Bxa6 Qxb4 20.Nd3 Qd6 21.Qc7 Qa3 22.Qc4 Qd6 23.Qb4
Qd8 24.Bg5 Nxd5 25.Qd2 Ndf6 26.exf5 gxf5 27.Nxe5 Rf8 28.Qxd8 Raxd8 29.Bc4 Rde8
30.Nf7+ {#r} 1-0

[Event "It (open)"]
[Site "masterchessopen.com Dresden (Germany)"]
[Date "2009.07.28"]
[Round "4"]
[White "Bracker Arne (GER)"]
[Black "Mueller Peter (GER)"]
[Result "1-0"]
[WhiteElo "2214"]
[BlackElo "1516"]

1.d4 Nf6 2.c4 g6 3.Nc3 Bg7 4.e4 d6 5.Nf3 O-O 6.Be2 e5 7.O-O Nc6 8.d5 Ne7 9.Ne1
Ne8 10.Be3 f5 11.f3 Nf6 12.c5 f4 13.Bf2 g5 14.Rc1 Bd7 15.Qb3 Qb8 16.Nd3 Kh8
17.Nb5 Ne8 18.a4 a6 19.Na3 h5 20.Nc4 Ng6 21.cxd6 Nxd6 22.Nc5 Rf7 23.Ne6 Bxe6
24.dxe6 Re7 25.Rfe1 Nxc4 26.Bxc4 c5 27.Bd5 {#r} 1-0

[Event "It (open)"]
[Site "masterchessopen.com Dresden (Germany)"]
[Date "2010.07.13"]
[Round "4"]
[White "Stabolewski Andreas (GER)"]
[Black "Mueller P"]
[Result "1-0"]
[WhiteElo "2265"]
[BlackElo "2013"]

1.Nf3 g6 2.c4 Bg7 3.d4 Nf6 4.Nc3 d6 5.e4 O-O 6.Be2 e5 7.O-O Nc6 8.d5 Ne7 9.Ne1
Ne8 10.Nd3 f5 11.Bd2 f4 12.c5 Bd7 13.a4 g5 14.a5 Ng6 15.b4 Nf6 16.f3 h5 17.Nf2
Kh7 18.a6 b6 19.cxd6 cxd6 20.h3 Rg8 21.Nb5 Bxb5 22.Bxb5 Nh4 23.Rc1 Qe7 24.Rc6
Raf8 25.Be2 Bh6 26.Qc2 Rf7 27.Rc1 Rfg7 28.Rc7 Qxc7 29.Qxc7 Rxc7 30.Rxc7+ Rg7
31.Rxg7+ Kxg7 32.Nd1 Kf7 33.Nc3 g4 34.hxg4 hxg4 35.Nb5 {#r} 1-0

[Event "It (open)"]
[Site "masterchessopen.com Edeleny (Hungary)"]
[Round "8"]
[White "Kiss Pal (HUN)"]
[Black "Benedek Zoltan (HUN)"]
[Result "1-0"]
[WhiteElo "2445"]
[BlackElo "2219"]

1.d4 Nf6 2.c4 g6 3.Nc3 Bg7 4.e4 d6 5.Nf3 O-O 6.Be2 e5 7.O-O Nc6 8.d5 Ne7 9.Ne1
a5 10.Nd3 Nd7 11.f3 f5 12.Be3 f4 13.Bf2 g5 14.c5 Nf6 15.cxd6 cxd6 16.g4 fxg3
17.hxg3 h5 18.Qd2 Bh6 19.Be3 Qd7 20.Nf2 Ng6 21.Rfc1 Rf7 22.Rc2 Qe7 23.Nb5 Nd7
24.Rac1 Rf8 25.Rc7 Qf6 26.Nc3 h4 27.Ng4 Qg7 28.Nb5 hxg3 29.Nxd6 Nh4 30.Rxc8
Raxc8 31.Rxc8 Rxc8 32.Nxc8 Qf8 33.Ne7+ {#r} 1-0

[Event "It (open)"]
[Site "masterchessopen.com Eger (Hungary)"]
[Round "0"]
[White "Dermann Guido (GER)"]
[Black "Sandor Tamas (HUN)"]
[Result "1-0"]
[WhiteElo "2315"]
[BlackElo "1926"]

1.d4 Nf6 2.Nf3 g6 3.c4 Bg7 4.Nc3 d6 5.e4 O-O 6.Be2 e5 7.O-O Nc6 8.d5 Ne7 9.Ne1
Ne8 10.f3 f5 11.Be3 Kh8 12.c5 f4 13.cxd6 cxd6 14.Bf2 h5 15.Rc1 Ng8 16.a4 Bf6
17.Nb5 a6 18.Na3 Bh4 19.Bxh4 Qxh4 20.Nc4 Qd8 21.Qb3 b5 22.axb5 axb5 23.Qxb5
Ba6 24.Qb4 Rb8 25.Qc3 Ngf6 26.Rf2 g5 27.Nxe5 dxe5 28.Bxa6 Nd6 29.Qxe5 Qb6
30.Rc6 Qe3 31.Qc3 Nb5 32.Bxb5 {#r} 1-0

[Event "It (open)"]
[Site "masterchessopen.com Figueira da Foz (Portugal)"]
[Date "2010.11.02"]
[Round "4"]
[White "Felicio Fernando (POR)"]
[Black "Leite Catarina (POR)"]
[Result "0-1"]
[WhiteElo "1920"]
[BlackElo "2183"]

1.d4 Nf6 2.c4 g6 3.Nc3 Bg7 4.e4 d6 5.Nf3 O-O 6.Be2 Nc6 7.O-O e5 8.d5 Ne7 9.Ne1
Ne8 10.Be3 f5 11.f3 f4 12.Bf2 g5 13.Nd3 h5 14.b4 Rf6 15.c5 Rg6 16.g4 fxg3
17.hxg3 g4 18.fxg4 Bxg4 19.Bxg4 Rxg4 20.Qf3 Nf6 21.Kh2 Qd7 22.Rae1 Rf8 23.Qe2
Qe8 24.cxd6 cxd6 25.Bxa7 Qg6 26.Rg1 Rc8 27.Nf2 Rxc3 28.Nxg4 Nxg4+ 29.Kh1 h4
30.Rg2 h3 31.Rgg1 Nxd5 32.exd5 Rc2 {#R} 0-1

[Event "It (open)"]
[Site "masterchessopen.com Finkenstein (Austria)"]
[Round "8"]
[White "Hicker Harald Dr (AUT)"]
[Black "Podvrsnik Marko (SLO)"]
[Result "0-1"]
[WhiteElo "2066"]
[BlackElo "2196"]

1.Nf3 Nf6 2.d4 g6 3.c4 Bg7 4.Nc3 O-O 5.e4 d6 6.Be2 e5 7.O-O Nc6 8.d5 Ne7 9.Ne1
Ne8 10.Nd3 f5 11.f3 Nf6 12.c5 h5 13.Be3 f4 14.Bf2 Rf7 15.Rc1 Bd7 16.Rc2 g5
17.Qd2 Ng6 18.Rfc1 g4 19.c6 bxc6 20.dxc6 Bxc6 21.Nb4 Kh7 22.Rd1 Bh6 23.Qe1 Rg7
24.Ncd5 Ne8 25.Na6 g3 26.hxg3 fxg3 27.Bxg3 h4 28.Bh2 Bxd5 29.exd5 Be3+ 30.Kh1
Qg5 31.Bd3 Nf6 32.Rc4 Bf4 33.Bxf4 exf4 34.Qd2 Nh5 35.Rb4 Kh6 {#R} 0-1